000 00232 a2200097 4500
001 13364
100 _aBall, W.M
245 _aNationalism communism in east asia
260 _aVictoria
_bMelbourne university
_c
090 _c10380
_d10380
942 _aNUST-CAE
_cM
_c426
999 _c248437
_d248437